-Rium Vocabulary Quiz - Statistics

General Stats
  • This quiz has been taken 171 times
  • The average score is 9 of 16
Answer Stats
Hint Word % Correct
Building for watching fish swimming Aquarium
95%
Germ Bacterium
83%
Building where the dead are burned Crematorium
81%
Element number 56, symbol Ba Barium
77%
Chamber of the heart Atrium
75%
State of balance Equilibrium
75%
A place where concerts and shows happen Auditorium
70%
Building for watching a mock night sky Planetarium
69%
Temporary mental disorder that can be caused by fever Delirium
63%
Building for treating diseases like tuberculosis Sanatorium
57%
Glass enclosed room designed for enjoying the sun Solarium
50%
Glass container for growing plants Terrarium
41%
Element named after Austrian physicist Lise Meitner Meitnerium
34%
Period when activity is suspended Moratorium
30%
Small fee paid to a volunteer committee member Honorarium
28%
Hostile emotion directed at those who do bad Opprobrium
2%
No matching quizzes found
Score Distribution
Percent of People with Each Score
Percentile by Number Answered
Your Score History
You have not taken this quiz